000 00787nam a22002537a 4500
999 _c40922
_d40922
001 11850
003 CO-MdFUSB
005 20170901094457.0
008 170901t1992 xxu||||| |||| 00| 0 s d
020 _a1-56063-337-9
040 _aCO-MdFUSB
_bspa
_cCO-MdFUSB
_dCO-MdFUSBC
_erda
041 0 _aspa
_heng
082 0 4 _aG 223.2 S7723d
100 1 _aSpurgeon, G. H.
_eautor
245 1 0 _aDios siempre cuida
_b: Consejos valiosos extraídos de los Salmos
_c / G. H. Spurgeon ; Arnoldo Canclini, Traductor
264 4 _aMiami, FL., USA :
_bUnilit,
_c©1992
300 _a55 Pag
336 _2rdacontent
_a1
_ba1
337 _2rdamedia
_a2
_b5
338 _2rdacarrier
_a2
_b5
500 _aTítulo original : God always cares
653 _aBiblia A.T. - Salmos - Comentarios
942 _cBK